Monitorovanie techník používaných pri sieťových útokoch
Salvato in:
| Autore principale: | |
|---|---|
| Altri autori: | |
| Natura: | Manoscritto Libro |
| Lingua: | slovacco |
| Pubblicazione: |
Bratislava : STU v Bratislave FEI, 2020
|
| Soggetti: | |
| Accesso online: | https://opac.crzp.sk/?fn=detailBiblioForm&sid=69B07E5EF4F2B22F0A85B1C7FD1B&seo=CRZP-detail-kniha |
| Tags: |
Nessun Tag, puoi essere il primo ad aggiungerne!!
|
MARC
| LEADER | 00000ntm a22000003a 4500 | ||
|---|---|---|---|
| 001 | stuzp77193 | ||
| 003 | SK-STU | ||
| 005 | 20200825131621.2 | ||
| 007 | ta | ||
| 008 | 150427s2015----xo-----f-mn---000-0-slo-d | ||
| 040 | |a STU |b slo | ||
| 041 | 0 | |a slo | |
| 044 | |a xo | ||
| 100 | 1 | |a Ružinský, Bálint Tamás |u 035000 |4 aut |U FEI Fakulta elektrotechniky a informatiky |T FEI Ústav informatiky a matematiky |X 92205 |U E050 |Y 816 |7 92205 | |
| 242 | 0 | 1 | |a Monitoring techniques used in network attacks |y eng |
| 245 | 1 | 0 | |a Monitorovanie techník používaných pri sieťových útokoch |
| 260 | |c Bratislava : |c STU v Bratislave FEI, |c 2020 | ||
| 300 | |a 42 s. | ||
| 650 | 4 | |a NetFlow |2 slo | |
| 650 | 4 | |a Monitorovanie |2 slo | |
| 650 | 4 | |a Sieť |2 slo | |
| 650 | 4 | |a IPFIX |2 slo | |
| 650 | 4 | |a Stream4Flow |2 slo | |
| 650 | 4 | |a NetFlow |2 eng | |
| 650 | 4 | |a Monitoring |2 eng | |
| 650 | 4 | |a Networks |2 eng | |
| 650 | 4 | |a IPFIX |2 eng | |
| 650 | 4 | |a Stream4Flow |2 eng | |
| 700 | 1 | |a Balogh, Štefan |u 035000 |k Z1 |4 ths |U FEI Fakulta elektrotechniky a informatiky |T FEI Ústav informatiky a matematiky |X 30190 |U E050 |Y 816 |7 A000030190 | |
| 856 | 4 | |u https://opac.crzp.sk/?fn=detailBiblioForm&sid=69B07E5EF4F2B22F0A85B1C7FD1B&seo=CRZP-detail-kniha | |